00942cam a2200277 i 450000100100000000500170001000800410002701000130006804000230008104300120010405000210011610000270013724500650016425000110022926000470024030000210028749000310030850400410033965000420038065000360042265000300045861000410048891000070052995201110053699900170064700001431020200929163552.0780309s1973 cr b 000 0 spa  a77576965 aDO-SdBNPcDLCdDLC anccr---00aHG2734b.F3 19731 aFacio, Rodrigo.93226813aLa moneda y la banca central en Costa Rica /cRodrigo Facio. a2. ed. a[San Jose] :bEditorial Costa Rica,c1973. a333 p. ;c21 cm.0 aObras de Rodrigo Facio ; 2 aIncludes bibliographical references. 0aBanks and bankingzCosta Rica.932269 0aBanking lawzCosta Rica.932270 0aMoneyzCosta Rica.93227120aBanco Nacional de Costa Rica.932272 aDC 001052708MOaGRbGRcCTd2009-12-09iLF1l0o p14310-10r2020-06-25w2020-06-25y2ZPréstamo interno c13906d13906